| 000 | 00345nam a2200145Ia 4500 | ||
|---|---|---|---|
| 005 | 20251222153535.0 | ||
| 008 | 251222s9999||||xx |||||||||||||| ||spa|| | ||
| 020 | _a8470503251 | ||
| 082 | _a262.94/B44 | ||
| 100 | _aBenlloch Poveda, Antonio | ||
| 245 | 0 | _aCódigo de Derecho Canónico | |
| 250 | _a8va. ed. | ||
| 264 | _bEDICEP | ||
| 942 | _cLIB | ||
| 999 |
_c30251 _d30251 |
||